5HLuxD.jpg

KING HENRY VIII SENIOR AND PRIMARY SCHOOL LIBRARY OPAC

Cambridge IGCSE English as a Second Language : (Record no. 5156)

000 -LEADER
fixed length control field 01018nam a22002537a 4500
003 - CONTROL NUMBER IDENTIFIER
control field OSt
005 - DATE AND TIME OF LATEST TRANSACTION
control field 20250724105222.0
008 - FIXED-LENGTH DATA ELEMENTS--GENERAL INFORMATION
fixed length control field 250724b ||||| |||| 00| 0 eng d
020 ## - INTERNATIONAL STANDARD BOOK NUMBER
International Standard Book Number 9781009165969
040 ## - CATALOGING SOURCE
Transcribing agency KH8
082 ## - DEWEY DECIMAL CLASSIFICATION NUMBER
Classification number 428 BRA
100 ## - MAIN ENTRY--PERSONAL NAME
Personal name Bradbury, Tom,
Relator term author.
245 ## - TITLE STATEMENT
Title Cambridge IGCSE English as a Second Language :
Remainder of title Practice Tests with Answers /
Statement of responsibility, etc. Tom Bradbury, Mark Fountain and Melissa Thomson.
260 ## - PUBLICATION, DISTRIBUTION, ETC.
Place of publication, distribution, etc. UK ;
Name of publisher, distributor, etc. Cambridge University Press ,
Date of publication, distribution, etc. 2023.
300 ## - PHYSICAL DESCRIPTION
Extent 167 pages:
Other physical details illustrations;
Dimensions 28 cm.
520 ## - SUMMARY, ETC.
Summary, etc. Suitable for students of Cambridge IGCSE™ English as a Second Language (0510/0511/0991/0993). Help your students confidently prepare for assessment with the Cambridge IGCSE™ English as a Second Language.
650 ## - SUBJECT ADDED ENTRY--TOPICAL TERM
Topical term or geographic name entry element Practice and answer book
Form subdivision English
650 ## - SUBJECT ADDED ENTRY--TOPICAL TERM
Topical term or geographic name entry element Graded answer
Form subdivision English
700 ## - ADDED ENTRY--PERSONAL NAME
Personal name Fountain, Mark,
Relator term author.
700 ## - ADDED ENTRY--PERSONAL NAME
Personal name Thomson, Melissa,
Relator term author.
700 ## - ADDED ENTRY--PERSONAL NAME
Personal name Carter, Katia ,
Relator term editor.
700 ## - ADDED ENTRY--PERSONAL NAME
Personal name Carter, Tim,
Relator term editor.
942 ## - ADDED ENTRY ELEMENTS (KOHA)
Source of classification or shelving scheme
Koha item type Teaching Resources
Holdings
Withdrawn status Lost status Source of classification or shelving scheme Damaged status Not for loan Collection code Permanent Location Current Location Shelving location Date acquired Total Checkouts Full call number Barcode Date due Date last seen Date last checked out Price effective from Koha item type
          Teaching Resources KH8 Senior School Library KH8 Senior School Library Staff Office 2025-07-24 1 428 BRA TRKHSL006351 2026-07-03 2025-08-20 2025-08-20 2025-07-24 Teaching Resources

Powered By KH8 IT Dept